Statistics for "This One's For You" - David Guetta, Zara Larsson Lyrics

Click here to take the quiz!

General Stats

  • This quiz has been taken 43 times
  • The average score is 9 of 12

Answer Stats

LyricsAnswer% Correct
We stand strong ……….together
97%
We're in this ……….together
97%
Let's close our …..eyes
94%
We're born to ….fly
94%
This one's for …, this one's for ...you
94%
Waving colored …...flags
89%
Hear our hearts ….. togetherbeat
80%
So let's keep ……. 'til it all falls downliving
69%
We won't ……….., there's no standing downsurrender
60%
And let the …….. drive the whole world outmoment
54%
It's full of ………., we're breaking new groundwinners
46%
Love's a ………. …...playing field
40%

Score Distribution

Percentile by Number Answered

Percent of People with Each Score

Your Score History

You have not taken this quiz